| 000 | 00374nam a2200145Ia 4500 | ||
|---|---|---|---|
| 008 | 230312s9999||||xx |||||||||||||| ||und|| | ||
| 020 | _a81-203-2750-4 | ||
| 082 |
_a621.382 _bPRA-C |
||
| 100 | _aProakis;John.G | ||
| 245 | 0 | _aCommunication Systems Engineering | |
| 260 |
_bPHI _aIndia _c2013 |
||
| 300 | _a801 | ||
| 650 |
_aEngineering _vElectrical Engineering |
||
| 942 | _cBK | ||
| 999 |
_c10510 _d10510 |
||